|
|
|
|
| LEADER |
00000nam0a2200000 4500 |
| 001 |
678196 |
| 005 |
20250116170554.0 |
| 090 |
|
|
|a 678196
|
| 100 |
|
|
|a 20250116d1979 m||y0rusy50 ca
|
| 101 |
0 |
|
|a rus
|
| 102 |
|
|
|a RU
|
| 105 |
|
|
|a a z 001yy
|
| 181 |
|
0 |
|a i
|b e
|
| 182 |
|
0 |
|a n
|
| 183 |
|
0 |
|a nc
|2 RDAcarrier
|
| 200 |
1 |
|
|a Оптимизация систем электрической тяги в подземных выработках шахт
|f Н. А. Алексеев
|
| 203 |
|
|
|a Текст
|b визуальный
|c непосредственный
|
| 210 |
|
|
|a Москва
|c Недра
|d 1979
|
| 215 |
|
|
|a 252 с.
|c ил.
|
| 283 |
|
|
|a volume
|2 RDAcarrier
|
| 320 |
|
|
|a Список литературы: с. 246-250
|
| 606 |
1 |
|
|a Электровозная тяга, подземная
|9 44934
|
| 610 |
1 |
|
|a горное дело
|
| 610 |
1 |
|
|a подземные выработки
|
| 610 |
1 |
|
|a рудничные электровозы
|
| 610 |
1 |
|
|a шахты
|
| 610 |
1 |
|
|a полупроводниковое электрооборудование
|
| 610 |
1 |
|
|a подземный транспорт
|
| 610 |
1 |
|
|a подземное тяговое электроснабжение
|
| 610 |
1 |
|
|a оптимизация
|
| 610 |
1 |
|
|a тяговый электропривод
|
| 675 |
|
|
|a 622.625.2
|v 4
|
| 700 |
|
1 |
|a Алексеев
|b Н. И.
|g Николай Иванович
|
| 801 |
|
0 |
|a RU
|b 63413507
|c 20250116
|
| 830 |
|
|
|a Ретро2025Каталогизация Кузнецова
|
| 850 |
|
|
|a 63413507
|
| 942 |
|
|
|c BK
|